| 000 | nam a22 a 4500 | ||
|---|---|---|---|
| 999 |
_c424190 _d424190 |
||
| 003 | BLK | ||
| 005 | 20210716155607.0 | ||
| 008 | 180911b bul|||||r ||||||| ||bul|| | ||
| 040 | _aBLK | ||
| 041 |
_aBUL _cBUL |
||
| 080 |
_aФренска литература _b821.133.1 _x-5 _z821.133.1-5 |
||
| 100 |
_aНаполеон І Бонапарт _eпърви автор _9272721 |
||
| 139 | _aНаполеон І Бонапарт | ||
| 245 | 0 | 0 |
_aВоенни речи и прокламации _bПърви път обнар. според автент. текстове от Жорж Барал _cфр. имп. Наполеон I ; Прев. от фр. Т. Пеев |
| 260 |
_aСофия _bСт. Калъпов _c1898 _f([София : Либер. клуб]) _9460088 |
||
| 300 |
_a175 с. _c19 см |
||
| 380 | _aX | ||
| 490 |
_9435080 _aКолекция Редки и ценни издания |
||
| 700 |
_9966 _aПеев, Тодор _eпрев. |
||
| 852 |
_aРб 898 _bРц |
||
| 942 |
_cKNG _n0 _s1 |
||
| 944 |
_aCR _c2021-07-16 _kГГГ |
||